000 01041cab a2200265 4500
001 ABS55574
008 090401t1996 xxu||||| |||| 00| 0 eng d
035 _a(Sirsi) u17384
041 _aeng
100 _aKishore, R.
245 _aDiscounted cash flow analysis in property investment valuations
260 _c1996
350 _a0
490 _aJournal of Property Valuation and Investment
_v14(3) 1996, 63-70(8)
520 _aExamines two contemporary issues regarding discounted cash flow (DCF) analysis in property investment valuations. The first issue is whether it is valid to use DCF analysis in property investment valuations. The second issue is whether it is appropriate to discount future cash flows using discount rates based on long-term bond yields.
650 _aAUSTRALIA
650 _aDCF
650 _aDISCOUNTED CASH FLOW
650 _aPROPERTY INVESTMENT
650 _aVALUATION METHODS
690 _aOVERSEAS-REST OF THE WORLD
690 _aRATING AND VALUATION
942 _n0
948 _c04/03/1997
999 _c11528
_d11528